000 01473nam a2200421 c 4500
001 17358
003 ES-MaCES
005 20141221122457.0
008 050314s2004 sp t 100 | spa d
017 _aM 10430-2004
_bDL
020 _a8460903362
035 _aCES20050002181m
040 _aES-MaCES
_bspa
_cES-MaCES
110 2 _aFundación AEquitas
_bJornadas
_n
_d2003
_cGranada
_93743
245 1 0 _aDiscapacidad intelectual y Derecho
_cIV Jornadas Fundación AEquitas ; [II Jornadas FEAPS Andalucía], Granada, 23-24 de octubre de 2003
260 _aMadrid
_bFundación AEquitas
_c2004
300 _a363 p.
_c24 cm
490 1 _aLa llave
_v1
541 _cGratuito
650 4 _apersona con discapacidad
_928689
650 4 _apersona con discapacidad mental
_929216
650 4 _aderecho
_927151
650 4 _aderechos de las personas con discapacidad
_929698
650 4 _aderecho civil
_927156
650 4 _aadministración de justicia
_927204
650 4 _aprocedimiento judicial
_929889
650 4 _aintegración de las personas con discapacidad
_929681
650 4 _aEspaña
_926964
650 4 _arégimen jurídico
_929894
650 4 _aconferencia
_927013
653 1 0 _aAsuntos Sociales
710 2 _aFundación AEquitas
_eed.
_93742
710 2 _aFEAPS Andalucía
_bJornadas
_n
_d2003
_cGranada
_93535
830 0 _aLa llave
_v1
_934066
902 _aLIB Libro
942 _2CES
_cBK
_h3.3.
999 _c17358
_d17358